[Event "Karvina op"]
[Site "Karvina"]
[Date "2016.07.07"]
[Round "6"]
[White "Koci, Tomas"]
[Black "Sidelko, Richard"]
[Result "1-0"]
[WhiteElo "1610"]
[BlackElo "1453"]
[PlyCount "31"]
[EventDate "2016.07.02"]
[EventType "swiss"]
[EventRounds "9"]
[EventCountry "CZE"]
[SourceTitle "EXT 2017"]
[Source "ChessBase"]
[SourceDate "2016.10.25"]
[SourceVersion "1"]
[SourceVersionDate "2016.10.25"]
[SourceQuality "1"]

1. e4 Nc6 2. Nf3 d5 3. exd5 Qxd5 4. Nc3 Qe6+ 5. Qe2 Qg6 6. d4 Bg4 7. Qb5 Bxf3 8. gxf3 0-0-0 9. Be3 Nxd4 10. Bxd4 c6 11. Qa4 Rxd4 12. Qxd4 e5 13. Qxe5 Bd6 14. Bh3+ Kc7 15. Qa5+ b6 16. Qxa7+ 1-0

[Event "Orlova op 13th"]
[Site "Orlova"]
[Date "2016.05.23"]
[Round "3"]
[White "Koci, Tomas"]
[Black "Sebesta, Jan"]
[Result "0-1"]
[WhiteElo "1675"]
[BlackElo "1425"]
[PlyCount "82"]
[EventDate "2016.05.21"]
[EventType "swiss"]
[EventRounds "9"]
[EventCountry "CZE"]
[SourceTitle "EXT 2017"]
[Source "ChessBase"]
[SourceDate "2016.10.25"]
[SourceVersion "1"]
[SourceVersionDate "2016.10.25"]
[SourceQuality "1"]

1. e4 c6 2. d4 d5 3. Nc3 dxe4 4. Nxe4 Nf6 5. Nxf6+ gxf6 6. Bf4 Qb6 7. b3 Bf5 8. Qd2 e6 9. Bd3 Qxd4 10. Rd1 Bxd3 11. Qxd3 Qxd3 12. Rxd3 Nd7 13. Be3 Bc5 14. Nf3 Bxe3 15. Rxe3 0-0-0 16. Ke2 Nc5 17. Nd2 Rd7 18. Ne4 Nxe4 19. Rxe4 Rhd8 20. Kf3 Rd4 21. Rhe1 f5 22. Rxd4 Rxd4 23. c3 Rd3+ 24. Re3 Rd2 25. Re2 Rxe2 26. Kxe2 Kd7 27. Ke3 e5 28. f4 Ke6 29. fxe5 Kxe5 30. Kf3 f4 31. Kg4 Ke4 32. h4 Ke3 33. Kf5 h6 34. h5 Kf2 35. Kxf4 Kxg2 36. Kg4 c5 37. c4 a6 38. a3 a5 39. a4 b6 40. Kh4 Kf3 41. Kh3 Kf4 0-1

[Event "Karvina op"]
[Site "Karvina"]
[Date "2015.06.27"]
[Round "1"]
[White "Koci, Tomas"]
[Black "Kolar, Stanislav"]
[Result "0-1"]
[WhiteElo "1696"]
[BlackElo "2091"]
[PlyCount "78"]
[EventDate "2015.06.27"]
[EventType "swiss"]
[EventRounds "9"]
[EventCountry "CZE"]
[SourceTitle "CBM 167 Extra"]
[Source "ChessBase"]
[SourceDate "2015.09.14"]
[SourceVersion "1"]
[SourceVersionDate "2015.09.14"]
[SourceQuality "1"]

1. e4 c6 2. d4 d5 3. Nc3 b5 4. exd5 b4 5. Ne4 cxd5 6. Ng3 e6 7. Nf3 Bd6 8. Bb5+ Bd7 9. Bxd7+ Nxd7 10. Ne2 Qc7 11. 0-0 Ngf6 12. c3 a5 13. Bd2 0-0 14. Rc1 Qb7 15. cxb4 axb4 16. Qb3 Ne4 17. Bf4 Qa6 18. Bxd6 Nxd6 19. Qxb4 Rfb8 20. Qd2 Ne4 21. Qc2 Rc8 22. Qd1 Qxa2 23. Rb1 Rab8 24. b3 Rc2 25. Ra1 Qxb3 26. Nc1 Qc3 27. Ra7 Ndf6 28. Nd3 g6 29. Nde5 Nd6 30. Ng5 Rf8 31. Qf3 Qxf3 32. Ngxf3 Nfe4 33. Ne1 Rd2 34. N1f3 Re2 35. Rd7 Rc8 36. Ne1 f6 37. Nxg6 hxg6 38. f3 Nd2 39. Rxd6 Rc1 0-1

[Event "Orlova op-A 12th"]
[Site "Orlova"]
[Date "2015.05.26"]
[Round "3"]
[White "Koci, Tomas"]
[Black "Kotas, Marian"]
[Result "1-0"]
[WhiteElo "1703"]
[BlackElo "1442"]
[PlyCount "51"]
[EventDate "2015.05.24"]
[EventType "swiss"]
[EventRounds "9"]
[EventCountry "CZE"]
[SourceTitle "CBM 166 Extra"]
[Source "ChessBase"]
[SourceDate "2015.06.18"]
[SourceVersion "1"]
[SourceVersionDate "2015.06.18"]
[SourceQuality "1"]

1. e4 d6 2. d4 Nf6 3. Nc3 g6 4. f4 Bg7 5. Nf3 0-0 6. Bd3 c5 7. dxc5 dxc5 8. Be3 b6 9. Qd2 Nc6 10. 0-0-0 Bg4 11. e5 Nd7 12. Be4 Qc8 13. Qf2 a5 14. h3 Be6 15. g4 f6 16. f5 Bc4 17. b3 Ba6 18. Bd5+ Kh8 19. Be6 Ra7 20. Nd5 Qb8 21. Bxd7 Rxd7 22. exf6 exf6 23. fxg6 hxg6 24. Nh4 Kh7 25. Nxg6 Kxg6 26. Qf5+ 1-0

[Event "Ostrava Konik op"]
[Site "Ostrava"]
[Date "2014.05.01"]
[Round "6"]
[White "Koci, Tomas"]
[Black "Ocko, Dominik"]
[Result "1-0"]
[WhiteElo "1710"]
[BlackElo "1480"]
[PlyCount "115"]
[EventDate "2014.04.26"]
[EventType "swiss"]
[EventRounds "9"]
[EventCountry "CZE"]
[SourceTitle "CBM 160 Extra"]
[Source "ChessBase"]
[SourceDate "2014.07.01"]
[SourceVersion "1"]
[SourceVersionDate "2014.07.01"]
[SourceQuality "1"]

1. e4 c5 2. c3 d5 3. exd5 Qxd5 4. d4 Nc6 5. Nf3 Bf5 6. Be3 e6 7. Bd3 Nf6 8. 0-0 Be7 9. c4 Qd7 10. Bxf5 exf5 11. d5 Na5 12. b3 b6 13. Nc3 0-0 14. Qc2 Bd6 15. h3 Rfe8 16. Rfe1 h6 17. Bd2 a6 18. Ne2 Nb7 19. Nc3 Bc7 20. Qd3 Rad8 21. Rxe8+ Rxe8 22. Re1 Rxe1+ 23. Bxe1 g6 24. Bd2 Kg7 25. a4 Qe7 26. Qe3 Qxe3 27. Bxe3 Ne4 28. Bd2 f6 29. Kf1 Nbd6 30. Ke2 Nxc3+ 31. Bxc3 Ne4 32. Be1 Kf7 33. Nd2 Be5 34. Kd3 Nxd2 35. Bxd2 g5 36. a5 b5 37. cxb5 axb5 38. a6 Bb8 39. Be3 Ba7 40. b4 c4+ 41. Kc3 Bb8 42. a7 Bxa7 43. Bxa7 Ke7 44. Bb8 h5 45. f4 h4 46. Ba7 Kd6 47. Kd4 g4 48. Bc5+ Kd7 49. hxg4 fxg4 50. f5 h3 51. gxh3 gxh3 52. Ke4 Kc8 53. Bd6 Kd7 54. Kf3 c3 55. Ke2 c2 56. Kd2 h2 57. Bxh2 c1Q+ 58. Kxc1 1-0

[Event "Karvina op"]
[Site "Karvina"]
[Date "2013.07.06"]
[Round "8"]
[White "Broda, Michal"]
[Black "Koci, Tomas"]
[Result "1-0"]
[WhiteElo "1817"]
[BlackElo "1697"]
[PlyCount "41"]
[EventDate "2013.06.29"]
[EventType "swiss"]
[EventRounds "9"]
[EventCountry "CZE"]
[SourceTitle "CBM 155 Extra"]
[Source "ChessBase"]
[SourceDate "2013.08.26"]
[SourceVersion "1"]
[SourceVersionDate "2013.08.26"]
[SourceQuality "1"]

1. e4 e5 2. d4 exd4 3. Qxd4 Nc6 4. Qe3 Nf6 5. Nc3 Bb4 6. Bd2 0-0 7. 0-0-0 Re8 8. Bc4 d6 9. Nge2 Be6 10. Bb5 Bd7 11. f3 a6 12. Bxc6 Bxc6 13. Nd4 Bd7 14. g4 Bc5 15. Qd3 Bxd4 16. Qxd4 Bc6 17. h4 d5 18. g5 Nh5 19. exd5 Ng3 20. Rh2 b5 21. Qg4 1-0

[Event "Brno Duras op-B"]
[Site "Brno"]
[Date "2013.06.25"]
[Round "4"]
[White "Nemec, David"]
[Black "Koci, Tomas"]
[Result "1-0"]
[WhiteElo "1998"]
[BlackElo "1382"]
[PlyCount "39"]
[EventDate "2013.06.22"]
[EventType "swiss"]
[EventRounds "7"]
[EventCountry "CZE"]
[SourceTitle "CBM 155 Extra"]
[Source "ChessBase"]
[SourceDate "2013.08.26"]
[SourceVersion "1"]
[SourceVersionDate "2013.08.26"]
[SourceQuality "1"]

1. e4 e5 2. Nf3 Nc6 3. d4 exd4 4. Nxd4 Bc5 5. Nb3 Bb4+ 6. Bd2 Qe7 7. Bd3 Bxd2+ 8. Qxd2 Nf6 9. Nc3 0-0 10. 0-0 d6 11. Rfe1 Be6 12. Nd5 Qd8 13. c4 Ne5 14. Rac1 c6 15. Nf4 Re8 16. Ne2 d5 17. exd5 cxd5 18. cxd5 Qxd5 19. Nf4 Qd6 20. Bxh7+ 1-0

[Event "CZE-ch U10"]
[Site "Kouty nad Desnou"]
[Date "2013.03.16"]
[Round "9"]
[White "Pribyl, Viktor"]
[Black "Koci, Tomas"]
[Result "1-0"]
[WhiteElo "1429"]
[BlackElo "1400"]
[PlyCount "45"]
[EventDate "2013.03.09"]
[EventType "swiss"]
[EventRounds "9"]
[EventCountry "CZE"]
[SourceTitle "EXT 2015"]
[Source "ChessBase"]
[SourceDate "2014.11.20"]
[SourceVersion "1"]
[SourceVersionDate "2014.11.20"]
[SourceQuality "1"]

1. d4 Nf6 2. c4 e5 3. dxe5 Ng4 4. Nf3 Nc6 5. Bf4 Bb4+ 6. Nbd2 Qe7 7. a3 Ngxe5 8. Nxe5 Nxe5 9. e3 Bxd2+ 10. Qxd2 0-0 11. Be2 d6 12. 0-0 Qf6 13. Qd4 Re8 14. Rac1 Qg6 15. Kh1 Bf5 16. c5 Nd3 17. Bxd3 Bxd3 18. Rfd1 Be4 19. Bg3 d5 20. f3 Bc2 21. Rd2 Bb3 22. Bxc7 Qh6 23. Bf4 1-0

[Event "CZE-ch U10"]
[Site "Kouty nad Desnou"]
[Date "2013.03.12"]
[Round "5"]
[White "Nemec, David"]
[Black "Koci, Tomas"]
[Result "1-0"]
[WhiteElo "1409"]
[BlackElo "1400"]
[PlyCount "41"]
[EventDate "2013.03.09"]
[EventType "swiss"]
[EventRounds "9"]
[EventCountry "CZE"]
[SourceTitle "EXT 2015"]
[Source "ChessBase"]
[SourceDate "2014.11.20"]
[SourceVersion "1"]
[SourceVersionDate "2014.11.20"]
[SourceQuality "1"]

1. e4 e5 2. Nf3 Nc6 3. d4 exd4 4. Nxd4 Nxd4 5. Qxd4 Qf6 6. Be3 Qb6 7. Bc4 Qxd4 8. Bxd4 Nf6 9. 0-0 c5 10. Bxf6 gxf6 11. Nc3 Bh6 12. Nd5 Kd8 13. Nxf6 d6 14. Rad1 Ke7 15. Nd5+ Kd8 16. e5 dxe5 17. Nb6+ Ke7 18. Nxa8 Rg8 19. g3 Bf4 20. Nc7 Bh3 21. Rfe1 1-0